000 00304nam a22001457a 4500
008 221222b ||||| |||| 00| 0 eng d
020 _a2900201750804
041 _aeng
080 _a004
082 _a004KEL
100 _a18
101 _aSHKP
245 _aABAP OBJECTS
_cKELLER H
942 _2udc
_cBK
999 _c59226
_d59226